| 000 | 00739nam a22002297a 4500 | ||
|---|---|---|---|
| 999 |
_c11369 _d11369 |
||
| 003 | AR-CdUCM | ||
| 008 | 190403b ||||| |||| 00| 0 spa d | ||
| 020 | _a9972-745-13-9 | ||
| 040 |
_aMUNICIPALIDAD PROVINCIAL DEL CUSCO _cBIBLIOTECA MUNICIPAL DEL CUSCO |
||
| 082 |
_aEP / 372.460 / _bP77 |
||
| 100 |
_aPonce Delgado, Emilio _928544 |
||
| 245 |
_aMis Lecturas Escogidas 2 : _bLibro de Práctica de Lectura / |
||
| 260 |
_aLima : _bEdiciones Tiabaya. |
||
| 300 |
_a160 páginas ; _bIlustraciones _c28cm |
||
| 500 | _aEducación primaria | ||
| 505 | _aContenido: Lecturas | ||
| 650 |
_aLecturas _96094 |
||
| 650 |
_aEducación primaria _91561 |
||
| 700 |
_aTsuchiya Togashi, Elena _928538 |
||
| 942 |
_2ddc _cLIBROS |
||
| 945 | _anom | ||